01669cam a22004097a 450000500170000000800410001701000100005801100100006803500100007809000100008810000430009824502520014126000400039330000110043350200810044459000370052559000410056259000410060359000410064459000410068559000410072659000420076765000350080965000370084465000300088165000260091165000440093765000460098165000320102765000340105965000420109365000440113565000220117990100070120194900340120899900170124220220817043052.0971010s1988 r 00010 d a64565 a65537 a72449 aTesis00aNavarrete Chávez, Florentino.980503 0aEstudio sobre mineralización de dos abonos orgánicos y respuesta a la fertilización nitrogenada del frijol (Phaseolus vulgaris L.) y garbanzo (Cicer arietinum L.) bajo un sistema de terrazas con aprovechamiento de escurrimiento superficiales aChapingo, Méx. :bEl autor,c1988 a209 p. aTesis (Ing. Agr. Esp. en Zonas Aridas) -- UACH. Departamento de Zonas Aridas aALEPHb10c20130110lUCH01h1353 aBATCH-UPDb10c20130110lUCH01h0227 aBATCH-UPDb10c20130110lUCH01h0811 aBATCH-UPDb10c20130409lUCH01h2250 aBATCH-UPDb10c20130410lUCH01h1248 aBATCH-UPDb10c20130913lUCH01h1831 aCONVERSIONb10c20130109lUCH01h133514aAbonosxEfecto en frijol.925014aAbonosxEfecto en garbanzo.925114aAbonosxEfecto en suelos.14aEscurrimiento.93767514aFertilizantesxEfecto en frijol.94051114aFertilizantesxEfecto en garbanzo.94051314aFrijolxRendimiento.94342914aGarbanzoxRendimiento.94563114aNitrógenoxEfecto en frijol.98143614aNitrógenoxEfecto en garbanzo.98143714aTerrazas.9112392 aBK bZAcTESd-5155eTS1i72449si c64565d64565